00587 2200205 4500001002100000005001500021035002000036245006600056100001400122300003100136700001900167700001500186260003100201082000800232084001400240020002200254520008700276990000900363990000900372INLIS00000000000004320190227110210 a0010-02190000371 aCahaya Cinta Pesantren /cIra Madan,Endang Suryana,Rendra TH.0 aIra Madan a292 hlm :bGambar ;c20 cm0 aEndang Suryana0 aRendra TH. aSolo :bTinta Media,c2015 a813 a813 IRA c a978-602-257-928-1 aMarshila Silalahi terlahir sebagai anak yang cerdas, bahkan mendekati kata genius. a3302 a3303